Catálogo

Equilibrio y crecimiento en la economía mundial / (Registro nro. 34807)

Detalles MARC
000 -LEADER
fixed length control field 01068cam a2200301 i 4500
001 - CONTROL NUMBER
control field 34807
003 - CONTROL NUMBER IDENTIFIER
control field Mx-PuUPA
005 - DATE AND TIME OF LATEST TRANSACTION
control field 20240410103755.0
008 - FIXED-LENGTH DATA ELEMENTS--GENERAL INFORMATION
fixed length control field 140415s1964 sp gr 000 0 spa d
017 ## - COPYRIGHT OR LEGAL DEPOSIT NUMBER
Copyright or legal deposit number M.17626.-1964
040 ## - CATALOGING SOURCE
Original cataloging agency Mx-PuUPA
Language of cataloging spa
Transcribing agency Mx-PuUPA
Modifying agency Mx-PuUPA
Description conventions rda
041 1# - LANGUAGE CODE
Language code of text/sound track or separate title spa
Language code of original eng
100 1# - MAIN ENTRY--PERSONAL NAME
Personal name Nurkse, Regnar,
Relator term autor
240 10 - UNIFORM TITLE
Uniform title Equilibrium and growth in the world economy.
Language of a work Español
245 10 - TITLE STATEMENT
Title Equilibrio y crecimiento en la economía mundial /
Statement of responsibility, etc. Ragnar Nurkse ; traducción de Luis Guereca Tosantos
264 #1 - PRODUCTION, PUBLICATION, DISTRIBUTION, MANUFACTURE, AND COPYRIGHT NOTICE
Place of production, publication, distribution, manufacture Madrid :
Name of producer, publisher, distributor, manufacturer Ediciones Rialp,
Date of production, publication, distribution, manufacture, or copyright notice [1964?]
300 ## - PHYSICAL DESCRIPTION
Extent 420 páginas ;
Dimensions 24 cm
336 ## - CONTENT TYPE
Fuente rdacontent
Content type term texto
Content type code txt
337 ## - MEDIA TYPE
Source rdamedia
Media type term sin medio
Media type code n
338 ## - CARRIER TYPE
Source rdacarrier
Carrier type term volumen
Carrier type code nc
490 0# - SERIES STATEMENT
Series statement Libros de economía ;
Volume/sequential designation 2
650 #7 - SUBJECT ADDED ENTRY--TOPICAL TERM
Topical term or geographic name entry element Desarrollo económico
General subdivision Economía
Source of heading or term armarc
700 1# - ADDED ENTRY--PERSONAL NAME
Personal name Guereca Tosantos, Luis,
Relator term traductor
765 04 - ORIGINAL LANGUAGE ENTRY
Main entry heading Nurkse, Regnar,
Title Equilibrium and growth in the world economy.
942 ## - ADDED ENTRY ELEMENTS (KOHA)
Source of classification or shelving scheme Dewey Decimal Classification
Classification part 338.9
Item part N974
Koha item type Libro
Existencias
Withdrawn status Lost status Source of classification or shelving scheme Damaged status Not for loan Collection code Home library Current library Shelving location Date acquired Source of acquisition Total Checkouts Full call number Barcode Date last seen Date last checked out Price effective from Koha item type
    Dewey Decimal Classification     General Biblioteca Karol Wojtyla Biblioteca Karol Wojtyla Sala general 03/12/2013 Compra 1 338.9 N974 1964 52600 05/01/2026 13/08/2024 03/12/2013 Libro